000
00179nam a2200073Ia 4500
008
170620s9999 xx 000 0 und d
100
_a
Parhar
245
0
_a
EDUCATION IN INDIA AFTER INDEPENDENCE
260
_b
SHIPRA
999
_c
26810
_d
26810